|
|
|
|
| LEADER |
01658nam a2200457 a 4500 |
| 001 |
nkc20102156906 |
| 003 |
CZ PrNK |
| 005 |
20190523191010.0 |
| 007 |
ta |
| 008 |
101216s2010 xr a f 000 0 cze |
| 015 |
|
|
|a cnb002156906
|
| 020 |
|
|
|a 978-80-87444-01-6
|q (brož.)
|
| 035 |
|
|
|a (OCoLC)713792906
|
| 040 |
|
|
|a BOA001
|b cze
|d ABA001
|
| 072 |
|
7 |
|a 620.1/.2
|x Nauka o materiálu
|2 Konspekt
|9 19
|
| 080 |
|
|
|a 624.014
|2 MRF
|
| 080 |
|
|
|a 620.193.2
|2 MRF
|
| 080 |
|
|
|a 620.197
|2 MRF
|
| 080 |
|
|
|a (048.8)
|2 MRF
|
| 100 |
1 |
|
|a Knotková, Dagmar,
|d 1930-
|7 jn20000401367
|4 aut
|
| 245 |
1 |
0 |
|a Korozní chování kovů a kovových povlaků v atmosférickém prostředí /
|c Dagmar Knotková, Kateřina Kreislová
|
| 260 |
|
|
|a Praha :
|b SVÚOM,
|c c2010
|
| 300 |
|
|
|a 74 s. :
|b il. (převážně barev.) ;
|c 30 cm
|
| 490 |
1 |
|
|a Metody sledování životnosti
|
| 504 |
|
|
|a Obsahuje bibliografické odkazy
|
| 650 |
0 |
7 |
|a kovové konstrukce
|7 ph121910
|2 czenas
|
| 650 |
0 |
7 |
|a atmosférická koroze
|7 ph638822
|2 czenas
|
| 650 |
0 |
7 |
|a protikorozní ochrana
|7 ph172888
|2 czenas
|
| 650 |
0 |
9 |
|a metal structures
|2 eczenas
|
| 650 |
0 |
9 |
|a atmospheric corrosion
|2 eczenas
|
| 650 |
0 |
9 |
|a corrosion protection
|2 eczenas
|
| 655 |
|
7 |
|a monografie
|7 fd132842
|2 czenas
|
| 655 |
|
9 |
|a monographs
|2 eczenas
|
| 700 |
1 |
|
|a Kreislová, Kateřina,
|d 1963-
|7 mzk2008453275
|4 aut
|
| 830 |
|
0 |
|a Metody sledování životnosti
|0 s
|
| 910 |
2 |
|
|a BOA001
|b 4-1258.219
|
| 928 |
9 |
|
|a Státní výzkumný ústav ochrany materiálů
|
| 990 |
|
|
|a BK
|
| 995 |
|
|
|a 01
|
| 991 |
|
|
|b 201101
|c NOV
|e n
|
| 996 |
6 |
|
|b 2610460352
|c 4-1258.219
|l MZK
|r Sklad / do 1 hodiny
|n 8
|p p.v.
|w 001164883
|u 000010
|a 1
|e BOA001
|j MZK50
|s P
|